01381nam a2200337Ia 4500001001200000003000800012006001900020007001500039008004100054020001500095040002100110035002100131050002500152100001700177245013800194260006100332300002600393504005100419533015200470650003500622650003400657651004400691651003600735651003800771655002900809700002100838700002400859710001700883856012600900999001701026ebr10063869CaPaEBRm u cr cn|||||||||041017s2004 dcua gsb 001 0 eng d z0815796412 aCaPaEBRcCaPaEBR a(OCoLC)61455509814aDS935.5b.W57 2004eb1 aWit, Joel S.10aGoing criticalh[electronic resource] :bthe first North Korean nuclear crisis /cJoel S. Wit, Daniel B. Poneman, Robert L. Gallucci. aWashington, D.C. :bBrookings Institution Press,cc2004. axviii, 474 p. :bill. aIncludes bibliographical references and index. aElectronic reproduction.bPalo Alto, Calif. :cebrary,d2009.nAvailable via World Wide Web.nAccess may be limited to ebrary affiliated libraries. 0aNuclear weaponszKorea (North) 0aWorld politicsy20th century. 0aKorea (North)xPolitics and government. 0aKorea (North)xMilitary policy. 0aKorea (North)xForeign relations. 7aElectronic books.2local1 aPoneman, Daniel.1 aGallucci, Robert L.2 aebrary, Inc.40uhttp://site.ebrary.com/lib/rucke/Doc?id=10063869zAn electronic book accessible through the World Wide Web; click to view c47672d47672